[Event "PRO League Group Stage"]
[Site "chess.com INT"]
[Date "2020.02.17"]
[Round "7"]
[White "Plenca,Jadranko"]
[Black "Wei Yi"]
[Result "1/2-1/2"]
[WhiteElo "2463"]
[BlackElo "2732"]

1.e4 c5 2.Nf3 Nc6 3.Bb5 g6 4.O-O Bg7 5.Re1 Nf6 6.c3 O-O 7.h3 Qb6 8.Ba4 d5
9.e5 Ne8 10.d4 Nc7 11.dxc5 Qxc5 12.Be3 Qa5 13.Bxc6 bxc6 14.Nbd2 Ne6 15.Nb3 Qc7
16.Nc5 Rb8 17.Qd2 Nxc5 18.Bxc5 Re8 19.b4 Bf5 20.Nd4 Bxe5 21.Nxf5 gxf5 22.Qg5+ Kh8
23.Qxf5 Bxc3 24.Qxf7 Bxa1 25.Rxa1 Qe5 26.Rd1 Rf8 27.Bd4 Qxd4 28.Qxf8+ Rxf8
29.Rxd4 e5 30.Rd1 Rf4 31.Rc1 Rxb4 32.Rxc6 d4 33.Rd6 e4 34.Kh2 Kg7 35.Kg3 Kf7
36.Kf4 Ke7 37.Rd5 Ke6 38.Rd8 Ke7 39.Rd5 Ke6 40.Rd8 Ke7 41.Rd5  1/2-1/2

[Event "PRO League KO Stage 2020"]
[Site "chess.com INT"]
[Date "2020.03.05"]
[Round "1"]
[White "Wei Yi"]
[Black "Naroditsky,D"]
[Result "1-0"]
[WhiteElo "2732"]
[BlackElo "2621"]

1.e4 e5 2.Nf3 Nc6 3.Bb5 a6 4.Ba4 Nf6 5.O-O Be7 6.Re1 b5 7.Bb3 d6 8.c3 O-O
9.h3 Na5 10.Bc2 c5 11.d4 Nd7 12.d5 Bf6 13.b3 Nb6 14.Nbd2 g6 15.a4 Bd7 16.b4 cxb4
17.cxb4 Nac4 18.a5 Nxd2 19.Nxd2 Nc8 20.Nf3 Bg7 21.Be3 f5 22.exf5 gxf5 23.Ng5 Qf6
24.Ne6 Bxe6 25.dxe6 Ne7 26.Bb3 d5 27.Bc5 Rad8 28.Bb6 Rd6 29.Bc5 Rdd8 30.Bb6 Rd6
31.Bc7 Rxe6 32.Bxd5 Nxd5 33.Qxd5 Kh8 34.Rad1 e4 35.Bb6 Qg6 36.Bd4 Rg8 37.g3 f4
38.Bxg7+ Rxg7 39.Qa8+ Rg8 40.Rd8 Ree8 41.Rxe8 Rxe8 42.Qd5 fxg3 43.Qd4+ Kg8
44.Qd5+ Kf8 45.Qc5+ Re7 46.f3 Kf7 47.fxe4 g2 48.Re2 Rd7 49.Rf2+ Ke6 50.Qc6+ Ke7
51.Qc5+ Ke6 52.Qc6+ Rd6 53.Qc8+ Rd7 54.Qxa6+ Rd6 55.Qc8+ Rd7 56.Qc6+ Rd6
57.Qc2 Qg3 58.Qa2+ Ke5 59.Qe2 Qxh3 60.Qxb5+ Kxe4 61.Qc4+ Ke5 62.Qf4+ Ke6
63.Re2+ Kd7 64.Qf7+ Kc6 65.Rc2+ Kb5 66.Qc4+ Ka4 67.Ra2+  1-0

[Event "PRO League KO Stage 2020"]
[Site "chess.com INT"]
[Date "2020.03.05"]
[Round "1"]
[White "Wei Yi"]
[Black "Swiercz,D"]
[Result "1/2-1/2"]
[WhiteElo "2732"]
[BlackElo "2649"]

1.Nf3 d5 2.e3 Nf6 3.c4 e6 4.Nc3 Nbd7 5.b3 b6 6.Bb2 Bb7 7.g3 Be7 8.Bg2 O-O
9.O-O c5 10.Qe2 a6 11.Rfd1 Qb8 12.Rac1 Rc8 13.cxd5 Nxd5 14.Nxd5 Bxd5 15.e4 Bb7
16.d4 cxd4 17.Rxc8+ Qxc8 18.Nxd4 Qe8 19.e5 Bxg2 20.Kxg2 Nc5 21.Rc1 Qd7 22.Qf3 Rc8
23.b4 Na4 24.Rxc8+ Qxc8 25.Nc6 Bf8 26.Bd4 b5 27.a3 Qc7 28.Na5 Nb6 29.Bxb6 Qxb6
30.Qc3 g6 31.f4 Qd8 32.h4 h5 33.Qf3 Qd2+ 34.Kh3 Qc1 35.Nb7 Qc7 36.Na5 Qc1
37.Nc6 Kg7 38.Nd4 Qc4 39.Nb3 Qc2 40.Na5 Qf5+ 41.Kh2 Qc2+ 42.Kh3 Qf5+ 43.Kg2 Qc2+
44.Kh3  1/2-1/2

[Event "PRO League KO Stage 2020"]
[Site "chess.com INT"]
[Date "2020.03.05"]
[Round "1"]
[White "Oparin,G"]
[Black "Wei Yi"]
[Result "1/2-1/2"]
[WhiteElo "2652"]
[BlackElo "2732"]

1.Nf3 Nf6 2.g3 g6 3.Bg2 Bg7 4.c4 c5 5.d4 d5 6.dxc5 Qa5+ 7.Nc3 O-O 8.cxd5 Nxd5
9.Qxd5 Bxc3+ 10.Bd2 Rd8 11.Bxc3 Qxc3+ 12.bxc3 Rxd5 13.Rd1 Rxc5 14.Rd8+ Kg7
15.Nd4 Nd7 16.Kd2 Nb6 17.Rb1 e5 18.Nb3 Rc7 19.Na5 Rc5 20.Nb3 Rc7 21.Rc1 a5
22.Rb1 Nc4+ 23.Ke1 a4 24.Nd2 Na3 25.Rc1 Ra5 26.c4 Be6 27.Rb8 Rb5 28.f4  1/2-1/2

[Event "PRO League KO Stage 2020"]
[Site "chess.com INT"]
[Date "2020.03.05"]
[Round "1"]
[White "Abdusattorov,Nodirbek"]
[Black "Wei Yi"]
[Result "0-1"]
[WhiteElo "2627"]
[BlackElo "2732"]

1.e4 c5 2.Nf3 Nc6 3.Bb5 g6 4.Bxc6 bxc6 5.O-O Bg7 6.c3 Nf6 7.e5 Nd5 8.c4 Nc7
9.d4 cxd4 10.Qxd4 Ne6 11.Qh4 d6 12.Bh6 Bxe5 13.Nxe5 dxe5 14.Nc3 Qd4 15.Qg3 f6
16.b3 Nf4 17.Rfe1 Kf7 18.Rad1 Nh5 19.Qf3 Bg4 20.Rxd4 Bxf3 21.Rd2 Bg4 22.f3 Bc8
23.Be3 Ng7 24.Red1 Ne6 25.b4 g5 26.a4 a6 27.a5 Rb8 28.Rb2 Nd4 29.Bxd4 exd4
30.Rxd4 c5 31.Rd1 Rxb4 32.Rxb4 cxb4 33.Nd5 Be6 34.Nb6 Bf5 35.Rd2 b3 36.Rb2 Bc2
37.Kf2 Rd8 38.Nd5 Ke6 39.Ne3 Ke5 40.Nxc2 Rd2+ 41.Ke3 Rxc2 42.Rxb3 Rxc4 43.Rb7 e6
44.Rxh7 Rc3+ 45.Kf2 Ra3 46.h4 gxh4 47.Rxh4 Rxa5 48.g4 Kf4 49.Rh6 Ra2+ 50.Ke1 Kg5
51.Rh5+ Kf4 52.Rh6 Kg5 53.Rh5+ Kg6 54.Rc5 Ra3 55.Kf2 e5 56.Rc4 Kg5 57.Rc6 a5
58.Ra6 a4 59.Kg2 Ra1 60.Kg3 a3 61.Ra4 a2 62.Kg2 Kh4 63.Kh2 Rf1 64.Rxa2 Rxf3
65.Rg2 Rh3+ 66.Kg1 Rg3  0-1

[Event "PRO League KO Stage 2020"]
[Site "chess.com INT"]
[Date "2020.03.09"]
[Round "2"]
[White "Wei Yi"]
[Black "Tomczak,J"]
[Result "0-1"]
[WhiteElo "2732"]
[BlackElo "2605"]

1.Nf3 Nf6 2.c4 c5 3.d4 cxd4 4.Nxd4 e5 5.Nb5 d5 6.cxd5 Bc5 7.N5c3 O-O 8.g3 Qb6
9.e3 Bf5 10.Bg2 Nbd7 11.O-O e4 12.Nd2 Rfe8 13.a4 Bb4 14.a5 Qc7 15.Qb3 Bxc3
16.bxc3 Ne5 17.c4 Qd7 18.Bb2 Bh3 19.f4 exf3 20.Nxf3 Nxf3+ 21.Rxf3 Bxg2 22.Kxg2 Ne4
23.Qb5 Qg4 24.h3 Qg6 25.a6 Nd2 26.Rf2 Rxe3 27.Be5 Qe4+ 28.Kh2 Qxe5 29.Rg1 Re2
30.Rgg2 Rxf2 31.Rxf2 Ne4 32.Rf4 bxa6 33.Qb7 Rf8 34.Qxa6 Qb2+  0-1

[Event "PRO League KO Stage 2020"]
[Site "chess.com INT"]
[Date "2020.03.09"]
[Round "2"]
[White "Mons,L"]
[Black "Wei Yi"]
[Result "0-1"]
[WhiteElo "2543"]
[BlackElo "2732"]

1.Nf3 Nf6 2.c4 g6 3.Nc3 d5 4.cxd5 Nxd5 5.Qc2 Bg7 6.e4 Nb6 7.d4 O-O 8.Be3 Be6
9.h4 Bc4 10.Bxc4 Nxc4 11.h5 c5 12.O-O-O Nc6 13.hxg6 hxg6 14.Bh6 cxd4 15.Ng5 Qa5
16.Nd5 Bxh6 17.Rxh6 e6 18.Nxe6 fxe6 19.Rxg6+ Kf7 20.Rf6+ Kg7 21.e5 N4xe5
22.Rh1 d3 23.Qb3 Qxd5 24.Qxb7+ Kxf6 25.Rh6+ Ng6  0-1

[Event "PRO League KO Stage 2020"]
[Site "chess.com INT"]
[Date "2020.03.09"]
[Round "2"]
[White "Wei Yi"]
[Black "Braun,A"]
[Result "0-1"]
[WhiteElo "2732"]
[BlackElo "2609"]

1.e4 c6 2.d4 d5 3.e5 Bf5 4.Nf3 e6 5.Be2 Ne7 6.O-O Ng6 7.Be3 Nd7 8.Ne1 h5
9.c3 h4 10.Nd2 f6 11.f4 Qb6 12.Bg4 Ne7 13.Nb3 fxe5 14.fxe5 Nxe5 15.Bxf5 Nxf5
16.Qe2 Nf7 17.Bd2 Kd7 18.Nd3 Re8 19.Nbc5+ Bxc5 20.Nxc5+ Kc8 21.a4 g6 22.a5 Qb5
23.Qxb5 cxb5 24.Rae1 e5 25.dxe5 Rxe5 26.Bf4 Rxe1 27.Rxe1 b6 28.axb6 axb6
29.Nd3 Kd7 30.Nb4 g5 31.Bd2 Kd6 32.Rf1 Ke6 33.Re1+ Kd6 34.Rf1 Ke6 35.Nxd5 Rd8
36.Nc7+ Kf6 37.Be3 Kg6 38.Bxb6 Ne5 39.Ne6 Re8 40.Nc7 Rb8 41.Nd5 Nc4 42.Bc7 Ra8
43.Nb6 Ra2 44.Nxc4 bxc4 45.Rb1 Ne3 46.Bb6 Nd5 47.Bd4 Kf5 48.Re1 Kg6 49.Re6+ Kh5
50.Re5 Nf4 51.Rb5 Ne2+ 52.Kf1 Nf4 53.Be3 Ne6 54.h3 Kg6 55.Ke2 Kf6 56.Kf3 Ra1
57.Ke4 Re1  0-1

[Event "PRO League KO Stage 2020"]
[Site "chess.com INT"]
[Date "2020.03.09"]
[Round "2"]
[White "Korobov,A"]
[Black "Wei Yi"]
[Result "1/2-1/2"]
[WhiteElo "2688"]
[BlackElo "2732"]

1.d4 Nf6 2.c4 g6 3.Nc3 d5 4.cxd5 Nxd5 5.e4 Nxc3 6.bxc3 Bg7 7.Bc4 c5 8.Ne2 Nc6
9.Be3 O-O 10.O-O b6 11.h4 e6 12.Bg5 Qd7 13.e5 cxd4 14.cxd4 Bb7 15.Qd2 Nxe5
16.dxe5 Qc6 17.Nf4 Qxc4 18.Rac1 Qb5 19.Rc7 Ba6 20.Re1 Bxe5 21.Nd5 Qxd5 22.Qxd5 exd5
23.Rxe5 Rfc8 24.Rxc8+ Rxc8 25.Rxd5 Bc4 26.Rd7 Bxa2 27.Rxa7 Be6 28.Bf6 b5
29.Rb7 Bc4 30.f3 Kf8 31.Kf2 Ke8 32.g4 h5 33.g5 Kf8 34.f4 Re8 35.Be5 Rd8 36.Bf6 Re8
37.Be5 Rd8 38.Bf6  1/2-1/2

[Event "Online Nations Cup Prelim"]
[Site "chess.com INT"]
[Date "2020.05.06"]
[Round "3.1"]
[White "Artemiev,V"]
[Black "Wei Yi"]
[Result "1-0"]
[WhiteElo "2716"]
[BlackElo "2732"]

1.c4 g6 2.g3 Bg7 3.Bg2 Nf6 4.Nc3 O-O 5.Nf3 c5 6.O-O d5 7.cxd5 Nxd5 8.Qb3 e6
9.d3 Nc6 10.Qb5 Qb6 11.Qc4 Qb4 12.Ne4 Qxc4 13.dxc4 Nb6 14.Rb1 Nxc4 15.b3 N4e5
16.Nxe5 Bxe5 17.Bh6 Rd8 18.Rfd1 Rb8 19.Nxc5 Bc7 20.Bg5 Rxd1+ 21.Rxd1 Kg7
22.Ne4 Be5 23.Nd6 h6 24.Be3 Nb4 25.Bxh6+  1-0

[Event "Online Nations Cup Prelim"]
[Site "chess.com INT"]
[Date "2020.05.08"]
[Round "7.3"]
[White "Aronian,L"]
[Black "Wei Yi"]
[Result "1/2-1/2"]
[WhiteElo "2773"]
[BlackElo "2732"]

1.e4 c5 2.Nf3 Nc6 3.Bb5 g6 4.c3 Nf6 5.Qe2 Bg7 6.d4 cxd4 7.cxd4 O-O 8.d5 a6
9.Bd3 Nb4 10.Bd2 Nxd3+ 11.Qxd3 d6 12.O-O e6 13.dxe6 Bxe6 14.Re1 Nd7 15.Nc3 Ne5
16.Nxe5 dxe5 17.Nd5 f5 18.f3 fxe4 19.fxe4 Bxd5 20.exd5 Qd6 21.Qb3 Rfd8 22.Bg5 Rd7
23.Rad1 h6 24.Be3 Rc8 25.Bb6 Kh7 26.a4 Rf8 27.a5 Rdf7 28.Rc1 Re8 29.Re4 Rf4
30.Qd3 Rf7 31.b4 Rd7 32.h3 h5 33.Rec4 Bh6 34.Rf1 Bf4 35.Re4 Rc8 36.g3 Bh6
37.Bc5 Qxd5 38.Qxd5 Rxd5 39.Rf7+ Kg8 40.Rxb7 Bf8 41.Bxf8 Rxf8 42.Re2 Rd3
43.Kh2 e4 44.Rb6 Kg7 45.Rxa6 Rff3 46.Re6 Rxg3 47.a6 Rxh3+ 48.Kg1 Ra3 49.b5 Rhb3
50.Rb6 h4 51.Rb7+ Kh6 52.a7 Rg3+ 53.Rg2 Rh3 54.Rg4 Kh5 55.Rxe4 Rag3+ 56.Kf1 Rh1+
57.Ke2 Rh2+ 58.Kd1 Ra3 59.Rxh4+ Rxh4 60.Rh7+ Kg5 61.Rxh4 Rxa7 62.Rb4 Kf6  1/2-1/2

[Event "Online Nations Cup Prelim"]
[Site "chess.com INT"]
[Date "2020.05.08"]
[Round "8.1"]
[White "Karjakin,Sergey"]
[Black "Wei Yi"]
[Result "1/2-1/2"]
[WhiteElo "2752"]
[BlackElo "2732"]

1.e4 e5 2.Nf3 Nc6 3.Bb5 a6 4.Ba4 Nf6 5.O-O Nxe4 6.d4 b5 7.Bb3 d5 8.dxe5 Be6
9.Be3 Be7 10.c3 O-O 11.Nbd2 Bg4 12.Nxe4 dxe4 13.Qd5 Qxd5 14.Bxd5 exf3 15.Bxc6 fxg2
16.Rfc1 Rab8 17.a4 b4 18.cxb4 Rxb4 19.Bxg2 c5 20.Bxc5 Bxc5 21.Rxc5 Rxb2 22.a5 Rfb8
23.Bf1 Be2 24.Rac1 g6 25.Bxe2 Rxe2 26.Rc8+ Rxc8 27.Rxc8+ Kg7 28.Rc6 Rxe5
29.Rxa6 g5 30.Kg2 h5  1/2-1/2

[Event "Online Nations Cup Prelim"]
[Site "chess.com INT"]
[Date "2020.05.09"]
[Round "9.3"]
[White "Wei Yi"]
[Black "Harikrishna,P"]
[Result "1/2-1/2"]
[WhiteElo "2732"]
[BlackElo "2719"]

1.Nf3 d5 2.b3 Nf6 3.Bb2 e6 4.c4 c5 5.cxd5 exd5 6.g3 Nc6 7.Bg2 Be7 8.d4 O-O
9.O-O Re8 10.Nc3 Bg4 11.dxc5 Bxc5 12.Rc1 Bf8 13.h3 Bh5 14.Re1 Rc8 15.e3 Qa5
16.g4 Bg6 17.Nh4 d4 18.Nxg6 hxg6 19.Bxc6 Rxc6 20.Qxd4 Bb4 21.Red1 Rd6 22.Qc4 Rc6
23.Qd4 Rd6 24.Qc4 Rc6 25.Qd3 Bxc3 26.Rxc3 Qxa2 27.Rxc6 bxc6 28.Bxf6 gxf6
29.Qc4 Rb8 30.Rd7 Qxb3 31.Qxb3 Rxb3  1/2-1/2

[Event "Online Nations Cup Final"]
[Site "chess.com INT"]
[Date "2020.05.10"]
[Round "1.2"]
[White "Caruana,F"]
[Black "Wei Yi"]
[Result "1-0"]
[WhiteElo "2835"]
[BlackElo "2732"]

1.e4 d5 2.exd5 Qxd5 3.Nc3 Qd8 4.d4 g6 5.Bc4 Bg7 6.Nf3 Nf6 7.O-O O-O 8.h3 Nc6
9.Bf4 b6 10.d5 Na5 11.Be2 e6 12.dxe6 Bxe6 13.Qxd8 Raxd8 14.Bxc7 Rc8 15.Be5 Nc6
16.Bh2 Bf5 17.g4 Be6 18.Rad1 Na5 19.Be5 Bc4 20.Rfe1 Rfe8 21.Nb5 Bxe2 22.Rxe2 Nc4
23.Nxa7 Nxe5 24.Rxe5 Rxc2 25.g5 Rxe5 26.Nxe5 Ne8 27.Nac6 Bxe5 28.Nxe5 Rxb2
29.Rd8 Kf8 30.Rd7 Re2 31.Rxf7+ Kg8 32.Re7 Re1+ 33.Kh2 Ng7 34.Nxg6 Ra1 35.Ne5 Rxa2
36.Ng4 Kf8 37.Rb7 Ne6 38.h4 Ra4 39.Kg3 Nd4 40.Nh6 Ne2+ 41.Kf3 Nd4+ 42.Kg4 Ne6+
43.Kg3  1-0

[Event "Lindores Abbey Prelim"]
[Site "chess24.com INT"]
[Date "2020.05.19"]
[Round "1.6"]
[White "Wei Yi"]
[Black "Duda,J"]
[Result "1/2-1/2"]
[WhiteElo "2732"]
[BlackElo "2753"]

1.e4 c5 2.Nf3 d6 3.d4 cxd4 4.Nxd4 Nf6 5.Nc3 a6 6.g3 e5 7.Nde2 Be7 8.Bg2 O-O
9.O-O b5 10.Nd5 Nbd7 11.Nec3 Nb6 12.Nxf6+ Bxf6 13.b3 Qc7 14.Qd3 Be6 15.Ba3 Rfc8
16.Bb4 Qd7 17.Rfd1 a5 18.Bxd6 b4 19.Nb5 Nc4 20.bxc4 Bxc4 21.Qe3 Qxb5 22.a3 bxa3
23.Bxa3 Be6 24.Bf1 Qc6 25.Rd2 h6 26.h4 Bd8 27.c4 a4 28.c5 Rab8 29.Rd6 Qe8
30.Qd2 Be7 31.Rb6 Qf8 32.Rxb8 Rxb8 33.Qc2 Bb3 34.Qc3 Qc8 35.Bc4 Qc7 36.Bd5 Bf6
37.Rb1 Be7 38.Bxb3 Rxb3 39.Rxb3 axb3 40.Qxb3 Bxc5 41.Qc2 Bd6 42.Qxc7 Bxc7
43.h5 Bb6 44.Kg2 Bd4  1/2-1/2

[Event "Lindores Abbey Prelim"]
[Site "chess24.com INT"]
[Date "2020.05.19"]
[Round "2.2"]
[White "So,W"]
[Black "Wei Yi"]
[Result "1-0"]
[WhiteElo "2770"]
[BlackElo "2732"]

1.e4 e5 2.Nf3 Nc6 3.Bc4 Bc5 4.O-O Nf6 5.d3 d6 6.c3 a6 7.Re1 h6 8.a4 O-O 9.Nbd2 Ne7
10.Nf1 c6 11.Bb3 Ng6 12.Ng3 Bb6 13.d4 exd4 14.cxd4 Bg4 15.h3 Bxf3 16.gxf3 d5
17.e5 Nh7 18.f4 Qh4 19.Nf5 Qxh3 20.Bc2 Nh4 21.Nxh4 Qxh4 22.Ra3 f5 23.Kg2 Rae8
24.Rb3 Qd8 25.Qh5 Nf6 26.Qxf5 Ne4 27.Qg6 Bxd4 28.Rxe4 dxe4 29.Rg3 Qd7 30.Qxh6 Rf7
31.Bb3 Kf8 32.Qh8+ Ke7 33.Qh4+ Kf8 34.Qh8+ Ke7 35.Qh5 Kf8 36.Rg6 Rxe5 37.Qh8+ Ke7
38.Bxf7 Rc5 39.Be6  1-0

[Event "Lindores Abbey Prelim"]
[Site "chess24.com INT"]
[Date "2020.05.19"]
[Round "3.5"]
[White "Wei Yi"]
[Black "Karjakin,Sergey"]
[Result "0-1"]
[WhiteElo "2732"]
[BlackElo "2752"]

1.e4 e5 2.Nf3 Nc6 3.Bb5 Nf6 4.O-O Nxe4 5.d4 Nd6 6.Bxc6 dxc6 7.dxe5 Nf5 8.Qxd8+ Kxd8
9.Nc3 Ke8 10.h3 h5 11.Bf4 Be7 12.Rad1 Be6 13.Ng5 Rh6 14.Rfe1 Bb4 15.a3 Bxc3
16.bxc3 h4 17.Kh2 Kf8 18.Re4 Bd5 19.Ra4 Rg6 20.Bc1 b5 21.Ra6 Re8 22.a4 bxa4
23.Rxa4 f6 24.exf6 gxf6 25.c4 Bxg2 26.Kxg2 fxg5 27.Rxa7 Rg7 28.Ra5 Rf7 29.Rd3 Re2
30.Rf3 Nd6 31.Bxg5 Rxf3 32.Kxf3 Rxc2 33.c5 Nc4 34.Ra8+ Kf7 35.Bf4 Nb2 36.Be3 Nd3
37.Rc8 Ke6 38.Rxc7 Kf5 39.Rf7+ Kg6 40.Rc7 Kf5 41.Rh7 Ne1+  0-1

[Event "Lindores Abbey Prelim"]
[Site "chess24.com INT"]
[Date "2020.05.19"]
[Round "4.3"]
[White "Dubov,Daniil"]
[Black "Wei Yi"]
[Result "1/2-1/2"]
[WhiteElo "2699"]
[BlackElo "2732"]

1.Nf3 Nf6 2.c4 e6 3.d4 d5 4.g3 Be7 5.Bg2 O-O 6.O-O dxc4 7.Qc2 a6 8.a4 Bd7
9.Bg5 Bc6 10.Rd1 b5 11.Bxf6 Bxf6 12.Nc3 Qe8 13.d5 exd5 14.Nd4 Qe5 15.e4 dxe4
16.Nxe4 Bxe4 17.Bxe4 Ra7 18.axb5 Qc5 19.Nc6 Nxc6 20.Bxc6 axb5 21.Rxa7 Qxa7
22.Bxb5 Qa2 23.Bxc4 Qxb2 24.Qxb2 Bxb2 25.Rd7 Be5 26.f4 Bd6 27.Kg2 g6 28.Kf3 Kg7
29.h3 h5 30.h4 Kf6 31.Bd5 Kg7 32.Bc4 Kf6 33.Bd5 Kg7 34.Bc4  1/2-1/2

[Event "Lindores Abbey Prelim"]
[Site "chess24.com INT"]
[Date "2020.05.20"]
[Round "5.4"]
[White "Wei Yi"]
[Black "Firouzja,Alireza"]
[Result "1/2-1/2"]
[WhiteElo "2732"]
[BlackElo "2728"]

1.e4 c6 2.d4 d5 3.f3 Qb6 4.Nc3 e5 5.dxe5 Bc5 6.Na4 Qa5+ 7.c3 Bxg1 8.Rxg1 dxe4
9.Bf4 Ne7 10.b4 Qd5 11.Nc5 Qxd1+ 12.Rxd1 Nd5 13.Bg5 h6 14.fxe4 hxg5 15.exd5 cxd5
16.Rxd5 Ke7 17.Bc4 Nc6 18.Rf1 Be6 19.Rd7+ Bxd7 20.Rxf7+ Ke8 21.Nxd7 Rh4 22.Rxg7 Rxc4
23.Nf6+ Kf8 24.Rg8+ Kf7 25.Rxa8 Rxc3 26.Ng4 Rc1+ 27.Ke2 Ra1 28.Ke3 Rxa2 29.b5 Ne7
30.b6 Nd5+ 31.Ke4 Nxb6 32.Rb8 Nd7 33.Rc8 Ke6 34.Re8+ Kf7 35.Rc8 Ke6 36.Re8+ Kf7
37.Rh8 Nf8 38.g3 a5 39.Nh6+ Kg7 40.Rg8+ Kxh6 41.Rxf8 Re2+ 42.Kd5 a4 43.Ra8 b5
44.e6 Kg6 45.Kd6 Rd2+ 46.Ke5 Re2+ 47.Kd6 Rd2+ 48.Ke5 Re2+  1/2-1/2

[Event "Lindores Abbey Prelim"]
[Site "chess24.com INT"]
[Date "2020.05.20"]
[Round "6.4"]
[White "Carlsen,M"]
[Black "Wei Yi"]
[Result "1-0"]
[WhiteElo "2863"]
[BlackElo "2732"]

1.e4 c5 2.Nf3 d6 3.Bb5+ Nd7 4.a4 Nf6 5.Nc3 a6 6.Be2 b6 7.d4 cxd4 8.Qxd4 Bb7
9.O-O e6 10.Rd1 Qc7 11.Be3 Be7 12.Nd2 O-O 13.Nc4 d5 14.exd5 Nxd5 15.Nxd5 Bxd5
16.Bf4 Qb7 17.Nd6 Bxd6 18.Bxd6 Rfc8 19.Ra3 Qc6 20.Rg3 g6 21.Bf4 Qxc2 22.Bh6 f6
23.Re1 Qe4 24.Qd1 Qc2 25.Qd4 Qe4 26.Qd1 Qc2 27.Qa1 Ne5 28.h4 Nf7 29.Be3 Nd6
30.Bxb6 Qc6 31.a5 Nf5 32.Rc3 Qb7 33.f3 Nxh4 34.b4 e5 35.Rec1 Rxc3 36.Qxc3 Nf5
37.Qc7 Nd4 38.Bxd4 Qxc7 39.Rxc7 exd4 40.Rd7 Bc6 41.Rxd4 Kf7 42.Rd6  1-0

[Event "Lindores Abbey Prelim"]
[Site "chess24.com INT"]
[Date "2020.05.20"]
[Round "7.3"]
[White "Wei Yi"]
[Black "Aronian,L"]
[Result "1/2-1/2"]
[WhiteElo "2732"]
[BlackElo "2773"]

1.e4 e5 2.Nf3 Nf6 3.Nxe5 d6 4.Nd3 Nxe4 5.Qe2 Qe7 6.Nc3 Nf6 7.b3 c6 8.Bb2 Qxe2+
9.Nxe2 Be7 10.O-O-O O-O 11.Re1 Nbd7 12.Ng3 Re8 13.Nf5 Bf8 14.Rxe8 Nxe8 15.Be2 Ne5
16.Ng3 Nxd3+ 17.Bxd3 g6 18.Re1 Bd7 19.Ne4 d5 20.Nf6+ Nxf6 21.Bxf6 Bc5 22.f3 Kf8
23.c3 Re8 24.Rxe8+ Kxe8 25.h4 Bd6 26.g4 h5 27.gxh5 gxh5 28.Kd1 Bh3 29.Ke2 Kd7
30.Bd4 a6 31.b4 Be7 32.Bf2 Ke6 33.Bc2 Bf5 34.Bb3 Bd6 35.a4 b5 36.axb5 axb5
37.d3 Be5 38.Be1 Bf6 39.Ba2 Be5 40.Bb3 Bf6 41.Ba2 Be5 42.Bb3  1/2-1/2

[Event "Lindores Abbey Prelim"]
[Site "chess24.com INT"]
[Date "2020.05.20"]
[Round "8.5"]
[White "Ding Liren"]
[Black "Wei Yi"]
[Result "1-0"]
[WhiteElo "2791"]
[BlackElo "2732"]

1.d4 Nf6 2.c4 g6 3.Nf3 Bg7 4.e3 O-O 5.Be2 b6 6.O-O Bb7 7.Nc3 d5 8.b4 Nbd7
9.Bb2 c5 10.dxc5 bxc5 11.b5 Nb6 12.cxd5 Nfxd5 13.Qc1 Nxc3 14.Bxc3 Bxc3 15.Qxc3 Qc7
16.Rfc1 Rfc8 17.a4 a6 18.bxa6 Bxa6 19.Bxa6 Rxa6 20.a5 Nd7 21.Nd2 Rca8 22.Nc4 Nf6
23.h3 R8a7 24.Nb6 Nd7 25.Nxd7 Qxd7 26.Qxc5 Ra8 27.Qb4 Qd6 28.Rc5 Kg7 29.Qc3+ Qf6
30.Qxf6+ Kxf6 31.g4 Rd8 32.Ra2 h6 33.Kg2 Rd1 34.Rb5 e6 35.h4 g5 36.h5 Kg7
37.Kf3 Kf6 38.Rb7 Rd8 39.Rb6 Ra7 40.a6 Rd1 41.Ke4 Rd5 42.Ra4 Re5+ 43.Kd3 Rd5+
44.Kc3 Rd1 45.Rb7 Ra8 46.a7 Rc8+ 47.Kb2 Rd2+ 48.Kb3 Rd3+ 49.Ka2 Rd2+ 50.Rb2 Rdd8
51.Ka3 Rd3+ 52.Rb3 Rd1 53.Kb4 Ra8 54.Kb5 Ke7 55.Kc6  1-0

[Event "Lindores Abbey Prelim"]
[Site "chess24.com INT"]
[Date "2020.05.21"]
[Round "10.6"]
[White "Yu Yangyi"]
[Black "Wei Yi"]
[Result "1-0"]
[WhiteElo "2709"]
[BlackElo "2732"]

1.d4 Nf6 2.c4 g6 3.Nc3 d5 4.Nf3 Bg7 5.Qb3 dxc4 6.Qxc4 O-O 7.e4 a6 8.e5 b5
9.Qb3 Nfd7 10.e6 fxe6 11.Qxe6+ Kh8 12.Qd5 Nb6 13.Qxd8 Rxd8 14.Bf4 Ra7 15.O-O-O Nc6
16.Be3 Nd5 17.Nxd5 Rxd5 18.Bd3 Bf5 19.Bxf5 gxf5 20.Ne5 Nd8 21.Kb1 Ra8 22.Nd3 Rd6
23.Nf4 Ne6 24.d5 Nxf4 25.Bxf4 Rd7 26.Rhe1 Bf6 27.Re6 Rad8 28.Rxa6 Rxd5 29.Rxd5 Rxd5
30.Rc6 Rd1+ 31.Rc1 Rd4 32.g3 Re4 33.Be3 e5 34.Rxc7 f4 35.Bb6 Re1+ 36.Kc2 e4
37.Rf7 fxg3 38.hxg3 Bg7 39.Be3 Kg8 40.Rb7  1-0

[Event "Lindores Abbey Prelim"]
[Site "chess24.com INT"]
[Date "2020.05.21"]
[Round "11.1"]
[White "Wei Yi"]
[Black "Grischuk,A"]
[Result "0-1"]
[WhiteElo "2732"]
[BlackElo "2777"]

1.e4 c5 2.Nf3 d6 3.d4 cxd4 4.Nxd4 Nf6 5.Nc3 Nc6 6.Bg5 e6 7.Qd2 a6 8.Nxc6 bxc6
9.O-O-O Be7 10.Bxf6 gxf6 11.Bc4 Bb7 12.Bb3 Qc7 13.f4 O-O-O 14.Rhf1 d5 15.Qe2 Kb8
16.a3 h5 17.Kb1 h4 18.f5 Rde8 19.Rf3 Qe5 20.exd5 Qxe2 21.Nxe2 exd5 22.c4 d4
23.Ba4 c5 24.Rb3 Rc8 25.Nf4 Bd6 26.Nd5 Ka7 27.Rh3 Be5 28.Rd2 Rhd8 29.Rxh4 Bxd5
30.cxd5 Rxd5 31.Rh7 Rc7 32.Be8 Rd8 33.Ba4 c4 34.Ka2 d3 35.Rh4 Rb8 36.Re4 c3
37.bxc3 Bxc3  0-1

[Event "Online Olym Top DivA 2020"]
[Site "chess.com INT"]
[Date "2020.08.21"]
[Round "1.4"]
[White "Wei Yi"]
[Black "Abdusattorov,Nodirbek"]
[Result "1-0"]
[WhiteElo "2732"]
[BlackElo "2627"]

1.e4 e5 2.Nf3 Nc6 3.Bb5 a6 4.Ba4 Nf6 5.O-O Nxe4 6.d4 b5 7.Bb3 d5 8.dxe5 Be6
9.Nbd2 Nc5 10.c3 Be7 11.Bc2 d4 12.Nb3 d3 13.Bb1 Nxb3 14.axb3 Bf5 15.h3 O-O
16.b4 Bg6 17.Re1 a5 18.e6 fxe6 19.Rxe6 Rf6 20.Rxf6 Bxf6 21.bxa5 Nxa5 22.Ne1 d2
23.Qxd2 Bxb1 24.Rxb1 Qxd2 25.Bxd2 Nb3 26.Be3 c5 27.Nd3 Rc8 28.Kf1 Kf7 29.Ke2 Re8
30.Kf3 g5 31.Rd1 Rc8 32.Ke4 Re8+ 33.Kf3 Rc8 34.g4 b4 35.cxb4 c4 36.Nc5 Bxb2
37.Nxb3 cxb3 38.Rb1 Rc2 39.Bxg5 Ke6 40.b5 Kd5 41.b6 Kc4 42.Rxb2 Rxb2 43.b7  1-0

[Event "Online Olym Top DivA 2020"]
[Site "chess.com INT"]
[Date "2020.08.21"]
[Round "3.3"]
[White "Ghaem Maghami,E"]
[Black "Wei Yi"]
[Result "0-1"]
[WhiteElo "2561"]
[BlackElo "2732"]

1.Nf3 d5 2.d4 Nf6 3.c4 c6 4.e3 Bf5 5.Nc3 e6 6.Nh4 Be4 7.f3 Bg6 8.Qb3 Qc7
9.Bd2 Be7 10.cxd5 cxd5 11.Nxg6 hxg6 12.O-O-O Nc6 13.Kb1 a6 14.Rc1 Nd7 15.Ne2 Rc8
16.e4 Qb6 17.exd5 Qxb3 18.axb3 exd5 19.g3 Bf6 20.Bg2 O-O 21.Rhd1 Rfe8 22.Nf4 Bxd4
23.Nxd5 Nc5 24.b4 Nb3 25.Rc2 Nxd2+ 26.Rcxd2 Ba7 27.f4 Kf8 28.Rd3 Re2 29.R3d2 Rxd2
30.Rxd2 Re8 31.Bf3 Nd4 32.Bd1 Re1 33.Ka2 Ke8 34.Nc3 Ke7 35.Bb3 Ra1+  0-1

[Event "Online Olym Top DivA 2020"]
[Site "chess.com INT"]
[Date "2020.08.22"]
[Round "6.5"]
[White "Wei Yi"]
[Black "Wagner,De"]
[Result "1-0"]
[WhiteElo "2732"]
[BlackElo "2581"]

1.e4 e5 2.Nf3 Nc6 3.d4 exd4 4.Nxd4 Nf6 5.Nxc6 bxc6 6.e5 Qe7 7.Qe2 Nd5 8.h4 Qe6
9.Nd2 a5 10.g3 f6 11.c4 Nb4 12.Nf3 Bc5 13.Bh3 Qe7 14.a3 Na6 15.exf6 gxf6
16.Qxe7+ Kxe7 17.Bd2 a4 18.O-O-O d6 19.Bxc8 Rhxc8 20.Be3 Bxe3+ 21.fxe3 Rg8
22.Nd4 Kd7 23.Rhf1 Raf8 24.Rf5 Rxg3 25.Ra5 Nb8 26.Nf5 Rf3 27.Rg1 c5 28.Rg7+ Ke6
29.e4 Ke5 30.Rxc7 Kxe4 31.Nxd6+ Kd3 32.Kb1 Rg8 33.Rxa4 Rg1+ 34.Ka2 Kc2 35.Re7 Rff1
36.Re2+ Kd3 37.Rh2 Nc6 38.Rh3+ Kc2 39.Rh2+ Kd3 40.Nb5 f5 41.Rh3+ Kc2 42.Rh2+ Kd3
43.Rh3+ Kc2 44.Rc3+ Kd2 45.Ra6 Nb4+ 46.axb4 Ra1+ 47.Kb3 Rxa6 48.bxc5 f4 49.Nd6 Ke2
50.Rc2+ Kf3 51.Kb4 Kg4 52.Kb5 Ra8 53.c6 f3 54.c7 Rg2 55.Rc1 f2 56.Ne4 Kf4
57.Nxf2 Rxf2 58.b4 Ke5 59.Kb6 Rfa2 60.b5 Ke6 61.Rd1 Ke7 62.c5 R2a4 63.h5 h6
64.Rd6 Rh8 65.Kb7 Raa8 66.b6 Raf8 67.Kc6 Ra8 68.b7 Ra6+ 69.Kd5 Rxd6+ 70.cxd6+ Kd7
71.c8=Q+ Rxc8 72.bxc8=Q+ Kxc8 73.Kc6 Kd8 74.d7  1-0

[Event "Online Olym Top DivA 2020"]
[Site "chess.com INT"]
[Date "2020.08.23"]
[Round "7.1"]
[White "Wei Yi"]
[Black "Le Quang Liem"]
[Result "1/2-1/2"]
[WhiteElo "2732"]
[BlackElo "2709"]

1.e4 c6 2.d4 d5 3.exd5 cxd5 4.Bd3 Nc6 5.c3 Qc7 6.h3 g6 7.Nf3 Nf6 8.Qc2 Bg7
9.O-O O-O 10.Re1 Nd7 11.Be3 e5 12.dxe5 Ndxe5 13.Nbd2 Be6 14.Nxe5 Nxe5 15.Bd4 Rfe8
16.Rad1 a6 17.Nb3 Bd7 18.Bf1 Ba4 19.Qc1 Bxb3 20.axb3 Re7 21.Qf4 Rae8 22.Re3 Re6
23.b4 Qc6 24.Qh4 Nd7 25.Rxe6 Qxe6 26.Bxg7 Kxg7 27.Qd4+ Nf6 28.g4 Qe5 29.Qxe5 Rxe5
30.Bd3 g5 31.Kg2 Ng8 32.Ra1 Ne7 33.Ra5 Re1 34.b5 Rd1 35.bxa6 bxa6 36.Bf5 Rd2
37.b4 Nxf5 38.gxf5 Rd3 39.Rxa6 Rxc3 40.Rd6 Rb3 41.Rxd5 Rxb4 42.Kg3 h5 43.Ra5 Kf6
44.Ra6+ Kxf5 45.Rh6 h4+ 46.Kg2 Rb2 47.Ra6 f6 48.Ra5+ Kg6 49.Ra6 Rd2 50.Ra8 Rd5
51.Ra3 Kf5 52.Rf3+ Ke6 53.Re3+ Re5 54.Ra3 Kf5 55.Rf3+ Kg6 56.Ra3 f5 57.Ra6+ Kh5
58.f3 Re2+ 59.Kg1 Rd2 60.Rb6 Rd8 61.Rf6 Rd5 62.Kg2 Ra5 63.Rb6 g4 64.hxg4+ fxg4
65.fxg4+ Kxg4 66.Rb4+ Kg5 67.Rb8 Ra2+ 68.Kh3 Ra3+ 69.Kh2 h3 70.Rg8+ Kh4 71.Rg1 Ra2+
72.Kh1 h2 73.Rg4+ Kh3 74.Rh4+ Kxh4  1/2-1/2

[Event "Online Olym Top DivA 2020"]
[Site "chess.com INT"]
[Date "2020.08.23"]
[Round "8.5"]
[White "Wei Yi"]
[Black "Mwadzura,Roy"]
[Result "1-0"]
[WhiteElo "2732"]
[BlackElo "2029"]

1.e4 e6 2.d4 d5 3.Nc3 Bb4 4.Qd3 dxe4 5.Qxe4 Nf6 6.Qh4 Nc6 7.Nf3 Nd5 8.Bg5 Be7
9.Nxd5 Qxd5 10.Bxe7 Nxe7 11.Bd3 Nf5 12.Qf4 Qd6 13.Qd2 Bd7 14.Be4 Bc6 15.Bxc6+ Qxc6
16.O-O-O O-O-O 17.Rhe1 Rhe8 18.Kb1 Kb8 19.Qf4 f6 20.h4 h5 21.Rd3 Rd5 22.Qe4 a6
23.g3 Qd7 24.Red1 Rd8 25.R3d2 Nd6 26.Qe2 Nf5 27.c4 Nxd4 28.Rxd4 Rxd4 29.Rxd4 Qe7
30.Rxd8+ Qxd8 31.Qd2 Qe7 32.Nd4 Qc5 33.b3 Qd6 34.Kc2 Qa3 35.Kd1 Qd6 36.Ke2  1-0